000 00884nam a2200229 4500
005 19970905091730.0
008 700514s1968 enka 000 0 eng
010 _aENG-92389
020 _a9788190680561
_c120.00
035 _aEN-75922
037 _bDbAD / PUB
040 _adpl
_bEnglish
082 _a338.1731095431
100 _aKumar, R.
245 _aThe production of pulses in Tamil Nadu /
_cby R. Kumar
260 _aChennai
_bAndril Pathippagam
_c2008
270 _a192, Jagajeevan Ram Salai, Cheppakkam,
_bChennai
_e600005
300 _axvi, 192p.
_c20cm (pbk)
650 _aGrain trade
_zIndia
_zTamil Nadu.
942 _2ddc
_cEN
_mKUM
_h338.1731095431
999 _c20688
_d20688